| 000 | 00621cam a2200205 i 4500 | ||
|---|---|---|---|
| 999 |
_c12747 _d12747 |
||
| 003 | OSt | ||
| 005 | 20240708133601.0 | ||
| 008 | 121203t20132013dcua b 001 0 eng | ||
| 020 | _a9781610914451 (pbk. : alk. paper) | ||
| 042 | _apcc | ||
| 050 | 0 | 0 |
_aHE336.P37 _bW55 2013 |
| 082 | 0 | 0 |
_a388.4/74 _223 |
| 100 | 1 | _aWillson, Richard W. | |
| 245 | 1 | 0 |
_aParking reform made easy / _cRichard W. Willson. |
| 300 |
_axxi, 244 pages : _billustrations ; _c27 cm |
||
| 504 | _aIncludes bibliographical references (pages 227-232) and index. | ||
| 650 | 0 |
_aAutomobile parking _xPlanning. |
|
| 650 | 0 | _aCity planning. | |
| 942 | _2ddc | ||